Fundamentos de la teoría socialista del Estado y el derecho /

Detalles Bibliográficos
Autores principales: Zhidkov, O. A. (Oleg Andreevich) (Autor), Chirkin, V. E. (Veniamin Evgenʹevich) (Autor), I︠U︡din, I︠U︡. A. (I︠U︡riĭ Adolʹfovich) (Autor)
Otros Autores: Agurto Gonzáles, Carlos Antonio (Editor), Quequejana Mamani, Sonia Lidia (Editor), Choque Cuenca, Benigno (Editor), González, Marta (Translator) (Traductor)
Formato: Electrónico eBook
Lenguaje:español
ruso
Publicado: Santiago, Chile : Ediciones Olejnik, [2022]
Colección:Biblioteca de filosofía del derecho.
Materias:
Acceso en línea:Digitalia Hispánica

MARC

LEADER 00000nam a2200000Ii 4500
001 DIGOLEJNK1294
003 NyNyDIG
006 m o d
007 cr |||||||||||
008 260106s2022 cl ob 000 0 spa d
035 |a (OCoLC)1427226173 
040 |a DGITA  |b eng  |e rda  |e pn  |c DGITA 
020 |z 9789564071329 
041 1 |a spa  |h rus 
050 1 4 |a K376 ebook 
100 1 |a Zhidkov, O. A.  |q (Oleg Andreevich),  |e author. 
245 1 0 |a Fundamentos de la teoría socialista del Estado y el derecho /  |c Oleg Zhidkov, Veniamin E. Chirkin, Yu Yudin ; edición al cuidado de Carlos Antonio Agurto Gonzáles, Sonia Lidia Quequejana Mamani, Benigno Choque Cuenca ; traducción de Marta González. 
264 1 |a Santiago, Chile :  |b Ediciones Olejnik,  |c [2022] 
300 |a 1 online resource. 
336 |a text  |b txt  |2 rdacontent 
337 |a computer  |b c  |2 rdamedia 
338 |a online resource  |b cr  |2 rdacarrier 
347 |a text file  |2 rdaft 
347 |b PDF 
490 1 |a Biblioteca de filosofía del derecho 
588 0 |a Online resource; title from PDF title page (Digitalia, viewed January 6, 2026) 
650 0 |a State, The. 
650 0 |a Sociological jurisprudence. 
650 0 |a Law and socialism. 
700 1 |a Chirkin, V. E.  |q (Veniamin Evgenʹevich),  |e author. 
700 1 |a I︠U︡din, I︠U︡. A.  |q (I︠U︡riĭ Adolʹfovich),  |e author. 
700 1 |a Agurto Gonzáles, Carlos Antonio,  |e editor. 
700 1 |a Quequejana Mamani, Sonia Lidia,  |e editor. 
700 1 |a Choque Cuenca, Benigno,  |e editor. 
700 1 |a González, Marta  |c (Translator),  |e translator. 
791 2 |a Digitalia (Firm),  |e distributor. 
793 0 |g Digitalia eBook Collection:  |a Ediciones Olejnik 
776 0 8 |i Print version:  |a Zhidkov, O. A. (Oleg Andreevich).  |t Fundamentos de la teoría socialista del Estado y el derecho.  |b Primera edición en Ediciones Olejnik.  |d Santiago, Chile : Ediciones Olejnik, 2022  |z 9789564071329 
830 0 |a Biblioteca de filosofía del derecho. 
856 4 0 |3 Digitalia Hispánica  |u https://www.digitaliapublishing.com/a/157803/ 
910 |a Premium collection: 2026